000
00244nam a2200097Ia 4500
001
684958
005
20250826161508.0
008
250824s9999 xx 000 0 und d
245
0
_a
DÜNYA NÖBETİ/A.ALATLI/EVEREST
_c
ALEV ALATLI
260
_b
EVEREST
999
_c
684958
_d
684958